Statistics for 20 Most Generous Countries

Click here to take the quiz!

General Stats

  • This quiz has been taken 4,088 times
    (2,486 since last reset)
  • The average score is 17 of 20

Answer Stats

Aid GivenCountry% Correct
$34.62 billionUnited States
100%
$38 billion*China
97%
$19.37 billionUnited Kingdom
97%
$12.18 billionFrance
96%
$23.81 billionGermany
96%
$6.4 billionCanada
94%
$2.9 billionSpain
93%
$4.9 billionItaly
92%
$15.51 billionJapan
92%
$2.95 billionAustralia
89%
$30.66 billion*India
89%
$5.4 billionSweden
87%
$4.29 billionNorway
85%
$2.52 billionSouth Korea
80%
$3.09 billionSwitzerland
77%
$5.29 billionThe Netherlands
76%
$2.18 billionBelgium
75%
$2.55 billionDenmark
75%
$8.65 billion*Turkey
68%
$12.24 billion*United Arab Emirates
47%

Score Distribution

Percentile by Number Answered

Percent of People with Each Score

Your Score History

You have not taken this quiz since the last reset